000
00487nam a2200145Ia 4500
008
100204s9999 xx 000 0 und d
082
_b
7997
100
_a
कर्निक हेमन
245
_a
कसोटी प्रेमाची
260
_b
"रावजी प्रकाशन , डोंबिवली"
_c
1985
300
_a
180
630
_a
कसोटी प्रेमाची
730
_a
कसोटी प्रेमाची
942
_c
BOOK
999
_c
452433
_d
452430